000 00303nam a22001337a 4500
008 170809b xxu||||| |||| 00| 0 eng d
020 _a3486204580
041 _ager
080 _a004
100 _a35
101 _aSHK
245 _aPRODUKTIONS- PLANUNG UN - STEUERUNG -PPS
_cLOOS,P
942 _2udc
_cBK
999 _c23021
_d23021